| 000 | 00000nam##2200000za#4500 |
| 001 | 9.683711 |
| 003 | CaOODSP |
| 005 | 20210615133729 |
| 007 | ta |
| 008 | 150407|2007||||xxc||||| f|0| 0 fre|d |
| 020 | |a978-0-662-73804-6 |
| 040 | |aCaOODSP|bfre |
| 043 | |an-cn--- |
| 086 | 1 |aM144-52/2007F |
| 110 | 1 |aCanada.|bRessources naturelles Canada. |bOffice de l'efficacité énergétique. |
| 245 | 10|aAmélioration du rendement énergétique des fenêtres : |bpourquoi devrais-je me préoccuper de mes fenêtres? |
| 260 | |aOttawa - Ontario : |bRessources naturelles Canada. |c2007. |
| 300 | |a11p. : |bill. ; |c28 cm. |
| 500 | |aEn tête du titre: Écoénergie - Rénovation - Maisons. |
| 520 | 3 |aPlus de 25 p. 100 des pertes totales de chaleur d’une maison proviennent des fenêtres. Vous trouverez dans cette brochure des solutions efficaces et à prix abordable pour améliorer l’efficacité énergétique des fenêtres de votre demeure. |
| 563 | |aCouverture souple |
| 590 | |a07-26|b2007-06-29 |
| 590 | |a07-28|b2007-07-13 |
| 691 | 07|aRendement énergétique|2gcpds |
| 691 | 07|aRénovation domiciliaire|2gcpds |
| 775 | 08|tImproving window energy efficiency : |w(CaOODSP)9.650615 |
| 776 | 0#|tAmélioration du rendement énergétique des fenêtres |w(CaOODSP)9.633888 |